A New generation of two-stroke engines for the future / (Record no. 4842)

000 -LEADER
fixed length control field 00390nam a2200133 4500
008 - FIXED-LENGTH DATA ELEMENTS--GENERAL INFORMATION
fixed length control field 200903b ||||| |||| 00| 0 eng d
082 00 - DEWEY DECIMAL CLASSIFICATION NUMBER
Classification number 621.4
Item number D956
100 ## - MAIN ENTRY--PERSONAL NAME
9 (RLIN) 3868
Personal name Duret, P.
245 10 - TITLE STATEMENT
Title A New generation of two-stroke engines for the future /
260 ## - PUBLICATION, DISTRIBUTION, ETC. (IMPRINT)
Place of publication, distribution, etc [s,l.]
Name of publisher, distributor, etc Technip,
Date of publication, distribution, etc 1993.
300 ## - PHYSICAL DESCRIPTION
Extent xi, 206 p.
650 #0 - SUBJECT ADDED ENTRY--TOPICAL TERM
Topical term or geographic name as entry element Two Stroke Cycle Engines
942 ## - ADDED ENTRY ELEMENTS (KOHA)
Source of classification or shelving scheme
Item type Books
Holdings
Withdrawn status Lost status Source of classification or shelving scheme Damaged status Not for loan Permanent location Current location Date acquired Full call number Barcode Date last seen Koha item type
          IMU Kolkata IMU Kolkata 2020-09-03 621.4 D956 08269 2020-09-03 Books
Designed and Maintained by IMU-KC Library, Kolkata Campus © Copyright All Rights Reserved

webs counters

Powered by Koha